| 000 | 00629nam a22001577a 4500 | ||
|---|---|---|---|
| 008 | 230602b |||||||| |||| 00| 0 eng d | ||
| 040 |
_aNational Science Library _cNational Science Library |
||
| 080 |
_aR 31:338(73) _bJ4 |
||
| 100 |
_aConklin, Maxwell R _910773 |
||
| 245 | _aUnited States census of manufactures 1954 | ||
| 260 |
_aWashington, D.C.: _bU.S. Government Printing Office, _c1954 |
||
| 500 | _aVol. 1 (Summary statistics) Vol. 2 (Industry statistics) Part 1 (Major groups 20 to 28) Vol. 2 (Industry statistics) Part 2 (Major groups 29 to 39) | ||
| 650 | _aStatistics | ||
| 653 | _aCensus | ||
| 942 |
_2udc _cREF |
||
| 999 |
_c38680 _d38680 |
||